| 000 | 00351nam a2200133Ia 4500 | ||
|---|---|---|---|
| 008 | 240719s9999 xx 000 0 und d | ||
| 041 | _aeng | ||
| 082 | _a200 SAD | ||
| 100 | _aSadhguru | ||
| 245 | _aRelationships Bond Or Bondage | ||
| 260 |
_aMumbai _bJaico Book _c2018 |
||
| 300 | _a201.; P 23 Cm. | ||
| 520 | _aGifted By : IMT Faculty Dr. Pawan Jain | ||
| 999 |
_c41276 _d41276 |
||